Southville International School and Colleges
Your cart is empty.
  • Cart
  • Lists
    Public lists Eva Luna New books Lux_list list_1
    Your lists Log in to create your own lists
  • Log in to your account
  • Your cookies
  • Search history
Southville International School and Colleges
  • Advanced search
  • Recent comments
  • Most popular
  • Libraries

Log in to your account

Log in with GOOGLE


If you do not have an external account, but do have a local account, you can still log in:

  1. Home
  2. MARC view: Getting Between the Balance Sheets :
Normal view MARC view ISBD view

Getting Between the Balance Sheets : (Record no. 275390)

[ view plain ]
MARC details
000 -LEADER
fixed length control field 02028cam a22003614i 4500
001 - CONTROL NUMBER
control field 16495816
005 - DATE AND TIME OF LATEST TRANSACTION
control field 20140903145718.0
008 - FIXED-LENGTH DATA ELEMENTS--GENERAL INFORMATION
fixed length control field 101008t20112011enka 000 0 eng
010 ## - LIBRARY OF CONGRESS CONTROL NUMBER
LC control number 2010042411
015 ## - NATIONAL BIBLIOGRAPHY NUMBER
National bibliography number GBB092073
Source bnb
016 7# - NATIONAL BIBLIOGRAPHIC AGENCY CONTROL NUMBER
Record control number 015618090
Source Uk
020 ## - INTERNATIONAL STANDARD BOOK NUMBER
International Standard Book Number 9780230252868 (hardback)
020 ## - INTERNATIONAL STANDARD BOOK NUMBER
International Standard Book Number 0230252869 (hardback)
035 ## - SYSTEM CONTROL NUMBER
System control number (OCoLC)ocn670374999
040 ## - CATALOGING SOURCE
Original cataloging agency DLC
Transcribing agency DLC
Description conventions rda
Modifying agency YDX
-- YDXCP
-- BWX
-- UKM
-- SINLB
-- NLGGC
-- CDX
-- SOI
-- DLC
042 ## - AUTHENTICATION CODE
Authentication code pcc
050 00 - LIBRARY OF CONGRESS CALL NUMBER
Classification number HG 4027.6
Item number .F76 2011
082 00 - DEWEY DECIMAL CLASSIFICATION NUMBER
Classification number 658.15
084 ## - OTHER CLASSIFICATION NUMBER
Classification number BUS027000
-- BUS025000
-- BUS036000
-- BUS041000
Source of number bisacsh
084 ## - OTHER CLASSIFICATION NUMBER
Classification number 85.03
Source of number bcl
100 1# - MAIN ENTRY--PERSONAL NAME
Personal name Frodsham, David,
Dates associated with a name 1956-
245 10 - TITLE STATEMENT
Title Getting Between the Balance Sheets :
Remainder of title The Four Things Every Entrepreneur Should Know About Finance /
Statement of responsibility, etc David Frodsham, Heinrich Liechtenstein.
260 ## - PUBLICATION, DISTRIBUTION, ETC. (IMPRINT)
Place of publication, distribution, etc Houndmills, Basingstoke, Hamsphire :
Name of publisher, distributor, etc Palgrave Macmillan,
Date of publication, distribution, etc c2011.
300 ## - PHYSICAL DESCRIPTION
Extent viii, 211 pages :
Other physical details illustrations ;
Dimensions 24 cm.
505 0# - FORMATTED CONTENTS NOTE
Formatted contents note And the winner is ... MissInge Fashions -- Cash is king -- MissInge's balance sheet -- Balance sheet beauty -- Crisis and confusion -- NFO and working capital -- Grace gets some help -- Growing as fast as possible without new investment -- The bank helps -- Building a cash-lean company -- Back at the bank -- Share structures and shareholders -- MissInge's share capital problem -- Options and shares -- Keeping Joe on board -- Valuing a company -- The deal runs into trouble -- Preparing a company for sale -- The sale of MissInge Fashions -- The lesson of MissInge Fashions -- Appendixes : 1. MissInge's P&L and balance sheet -- 2. Survey results -- 3. P&L and balance sheet - an accounting view.
521 ## - TARGET AUDIENCE NOTE
Target audience note
650 #0 - SUBJECT ADDED ENTRY--TOPICAL TERM
Topical term or geographic name as entry element New business enterprises
General subdivision Finance.
650 #0 - SUBJECT ADDED ENTRY--TOPICAL TERM
Topical term or geographic name as entry element Business enterprises
General subdivision Finance.
700 1# - ADDED ENTRY--PERSONAL NAME
Personal name Liechtenstein, Heinrich.
906 ## - LOCAL DATA ELEMENT F, LDF (RLIN)
a 7
b cbc
c orignew
d 1
e ecip
f 20
g y-gencatlg
942 ## - ADDED ENTRY ELEMENTS (KOHA)
Source of classification or shelving scheme Library of Congress Classification
Koha item type Books
Call number prefix Foreign
Holdings
Withdrawn status Lost status Source of classification or shelving scheme Damaged status Home library Current library Shelving location Date acquired Source of acquisition Total Checkouts Full call number Barcode Date last seen Price effective from Koha item type Not for loan
    Library of Congress Classification   College Library College Library General Circulation Section 04/29/2014 Library Fund   HG 4027.6 .F922 2011 C16864 05/15/2018 04/29/2014 Books  
    Library of Congress Classification   College Library College Library General Circulation Section 09/03/2014 Donation   HG 4027.6 .F76 2011 C18591 05/15/2018 09/03/2014 Books On Process

Getting Between the Balance Sheets :

APA

Frodsham D., Liechtenstein H., . (2011). Getting Between the Balance Sheets. Houndmills, Basingstoke, Hamsphire: Palgrave Macmillan.

Chicago

Frodsham David, Liechtenstein Heinrich, . 2011. Getting Between the Balance Sheets. Houndmills, Basingstoke, Hamsphire: Palgrave Macmillan.

Harvard

Frodsham D., Liechtenstein H., . (2011). Getting Between the Balance Sheets. Houndmills, Basingstoke, Hamsphire: Palgrave Macmillan.

MLA

Frodsham David, Liechtenstein Heinrich, . Getting Between the Balance Sheets. Houndmills, Basingstoke, Hamsphire: Palgrave Macmillan. 2011.

  • Place hold
  • Print
  • Cite
  • Add to your cart (remove)
  • Save record
    BIBTEX Dublin Core MARCXML MARC (non-Unicode/MARC-8) MARC (Unicode/UTF-8) MARC (Unicode/UTF-8, Standard) MODS (XML) RIS
  • More searches
    Search for this title in:
    Other Libraries (WorldCat) Other Databases (Google Scholar) Online Stores (Bookfinder.com) Open Library (openlibrary.org)

Exporting to Dublin Core...

SOUTHVILLE LIBRARY

Southville International School and Colleges Library

1281 Tropical Ave. Cor. Luxembourg St., BF Homes International, Las Pinas City

Tel. No. 8256374 / 252358 Loc. 117/146

Powered by Koha